Purely functional data structures (Record no. 79871)
[ view plain ]
| 000 -LEADER | |
|---|---|
| fixed length control field | 00663nam a2200145 a 4500 |
| 008 - FIXED-LENGTH DATA ELEMENTS--GENERAL INFORMATION | |
| fixed length control field | 120416s1998 ||||||||||||||||| || u |
| 020 ## - INTERNATIONAL STANDARD BOOK NUMBER | |
| International Standard Book Number | 0521663504 |
| 050 ## - LIBRARY OF CONGRESS CALL NUMBER | |
| Classification number | QA 76.9.D35 Oka |
| 100 ## - MAIN ENTRY--PERSONAL NAME | |
| Personal name | Okasaki, Chris |
| 245 10 - TITLE STATEMENT | |
| Title | Purely functional data structures |
| 260 ## - PUBLICATION, DISTRIBUTION, ETC. | |
| Place of publication, distribution, etc. | Cambridge |
| Name of publisher, distributor, etc. | Cambridge University Press |
| Date of publication, distribution, etc. | 1998 |
| 350 ## - | |
| -- | 0.00 |
| 995 ## - | |
| -- | MAIN LIBRARY OPEN ACCESS |
| -- | 0.00 |
| -- | 731947 |
| -- | CBU-MAIN LIBRARY (Kitwe) |
| -- | 2 |
| -- | 21.95 |
| -- | QA 76.9.D35 Oka |
| -- | 2 |
| -- | AVAILABLE |
| -- | 029376 |
| -- | Main Library Open Access Collection |
| 995 ## - | |
| -- | MAIN LIBRARY OPEN ACCESS |
| -- | 0.00 |
| -- | 733878 |
| -- | CBU-MAIN LIBRARY (Kitwe) |
| -- | 1 |
| -- | 21.95 |
| -- | QA 76.9.D35 Oka |
| -- | 1 |
| -- | AVAILABLE |
| -- | 733878 |
| -- | Main Library Open Access Collection |
| 999 ## - | |
| -- | 79871 |
| -- | 79871 |
| Withdrawn status | Lost status | Source of classification or shelving scheme | Damaged status | Not for loan | Permanent Location | Current Location | Shelving location | Date acquired | Total Checkouts | Full call number | Barcode | Date last seen | Copy number | Price effective from | Koha item type |
|---|---|---|---|---|---|---|---|---|---|---|---|---|---|---|---|
| CBU-MAIN LIBRARY, KITWE. | CBU-MAIN LIBRARY, KITWE. | 06/29/2023 | QA 76.9.D35 Oka | 029376 | 06/29/2023 | 1 | 06/29/2023 | MONOGRAPH | |||||||
| CBU-MAIN LIBRARY, KITWE. | CBU-MAIN LIBRARY, KITWE. | 06/29/2023 | QA 76.9.D35 Oka | 733878 | 06/29/2023 | 2 | 06/29/2023 | MONOGRAPH |